[Event "PNWCC Online Blitz JP 23"]
[Site "Chess.com INT"]
[Date "2021.04.11"]
[Round "11"]
[White "Jones, Davey V"]
[Black "Estrada Nieto, Julian"]
[Result "0-1"]
[WhiteElo "1593"]
[BlackElo "2280"]
[PlyCount "72"]
[EventDate "2021.04.11"]
[EventType "swiss (blitz)"]
[EventRounds "12"]
[EventCountry "USA"]
[SourceTitle "CBM 201 Extra"]
[Source "ChessBase"]
[SourceDate "2021.05.31"]
[SourceVersion "1"]
[SourceVersionDate "2021.05.31"]
[SourceQuality "1"]

1. e4 e5 2. Nf3 Nc6 3. Bb5 a6 4. Ba4 Nf6 5. 0-0 Be7 6. Re1 b5 7. Bb3 0-0 8. c3 d6 9. h3 Na5 10. Bc2 c5 11. d4 Qc7 12. Nbd2 cxd4 13. cxd4 Bd7 14. Nf1 Rac8 15. Ne3 Nc6 16. d5 Nb4 17. Bb1 a5 18. a3 Na6 19. Bd2 a4 20. Bd3 Nc5 21. Rc1 Nxd3 22. Rxc7 Rxc7 23. Bc3 Nxe1 24. Qxe1 Nxe4 25. Bb4 Nc5 26. Qd1 Rfc8 27. Nxe5 Nb3 28. Nd3 Rc1 29. Nxc1 Rxc1 30. Qxc1 Nxc1 31. Nc2 Nd3 32. Kf1 Nxb2 33. Ke2 Nc4 34. Nd4 Bf6 35. Kd3 h5 36. Bxd6 Nxd6 0-1

[Event "PNWCC Online Blitz JP 23"]
[Site "Chess.com INT"]
[Date "2021.04.11"]
[Round "4"]
[White "Yan, Rui Yang"]
[Black "Jones, Davey V"]
[Result "1-0"]
[WhiteElo "2093"]
[BlackElo "1593"]
[PlyCount "43"]
[EventDate "2021.04.11"]
[EventType "swiss (blitz)"]
[EventRounds "12"]
[EventCountry "USA"]
[SourceTitle "CBM 201 Extra"]
[Source "ChessBase"]
[SourceDate "2021.05.31"]
[SourceVersion "1"]
[SourceVersionDate "2021.05.31"]
[SourceQuality "1"]

1. e4 c5 2. Nf3 e6 3. d4 cxd4 4. Nxd4 a6 5. c4 Nf6 6. Nc3 Qc7 7. Be2 Be7 8. 0-0 d6 9. Be3 Nbd7 10. f3 b6 11. Rc1 Bb7 12. Qd2 0-0 13. Rfd1 Rac8 14. a3 Rfe8 15. b4 Qb8 16. Nb3 Ne5 17. Na4 Nfd7 18. Bf1 Ba8 19. Nb2 Nf6 20. Qf2 b5 21. cxb5 axb5 22. Nd4 1-0

[Event "PNWCC Online Masters Artist Point"]
[Site "Chess.com INT"]
[Date "2020.09.05"]
[Round "3"]
[White "Jones, Davey V"]
[Black "Arencibia Monduy, Antonio"]
[Result "0-1"]
[WhiteElo "1593"]
[BlackElo "2148"]
[PlyCount "104"]
[EventDate "2020.09.05"]
[EventType "swiss"]
[EventRounds "9"]
[EventCountry "USA"]
[SourceTitle "CBM 198 Extra"]
[Source "ChessBase"]
[SourceDate "2020.11.30"]
[SourceVersion "1"]
[SourceVersionDate "2020.11.30"]
[SourceQuality "1"]

1. e4 c5 2. c3 d5 3. exd5 Qxd5 4. d4 Nc6 5. Nf3 Bg4 6. dxc5 Qxd1+ 7. Kxd1 e5 8. b4 e4 9. h3 Bh5 10. g4 exf3 11. gxh5 Nf6 12. Nd2 0-0-0 13. Kc2 Nxh5 14. Nxf3 f6 15. Bc4 g6 16. Be3 Bg7 17. Be6+ Kb8 18. b5 Ne5 19. Nd4 f5 20. Bg5 Rhe8 21. Bxd8 Rxd8 22. Rhg1 Bf6 23. Rad1 Nf4 24. Rg3 Re8 25. Bb3 Rc8 26. c6 bxc6 27. Nxc6+ Nxc6 28. bxc6 Rxc6 29. Rd7 h5 30. Re3 Rc7 31. Re8+ Kb7 32. Rxc7+ Kxc7 33. Rf8 Bh4 34. Rf7+ Kb6 35. Rg7 Bxf2 36. Kd2 Bh4 37. Ke3 g5 38. Rf7 Nxh3 39. Rxf5 Bg3 40. Kf3 Bd6 41. Rf6 Kc5 42. Rf5+ Kc6 43. Bd5+ Kb6 44. Bf7 g4+ 45. Kg2 h4 46. Rf6 Kc5 47. Rf5+ Kb6 48. Rf6 Kc7 49. Rh6 Nf4+ 50. Kh1 g3 51. Rxh4 g2+ 52. Kg1 Bc5+ 0-1

[Event "PNWCC Online Masters Artist Point"]
[Site "Chess.com INT"]
[Date "2020.09.05"]
[Round "2"]
[White "Jones, Davey V"]
[Black "Chen, Ryo"]
[Result "0-1"]
[WhiteElo "1593"]
[BlackElo "2085"]
[PlyCount "52"]
[EventDate "2020.09.05"]
[EventType "swiss"]
[EventRounds "9"]
[EventCountry "USA"]
[SourceTitle "CBM 198 Extra"]
[Source "ChessBase"]
[SourceDate "2020.11.30"]
[SourceVersion "1"]
[SourceVersionDate "2020.11.30"]
[SourceQuality "1"]

1. e4 c5 2. c3 d5 3. exd5 Qxd5 4. d4 g6 5. Nf3 Bg7 6. Na3 cxd4 7. Nb5 Na6 8. Nbxd4 e5 9. Bb5+ Bd7 10. Qe2 Nc5 11. Bc4 Qe4 12. Ng5 Qxg2 13. Bxf7+ Kf8 14. Qf3 Qxf3 15. Ndxf3 h6 16. Bxg8 Kxg8 17. Be3 Nd3+ 18. Kd2 hxg5 19. Kxd3 e4+ 20. Kxe4 Bc6+ 21. Kd3 Bxf3 22. Rhg1 Rd8+ 23. Kc2 g4 24. Bxa7 Rxh2 25. Rae1 Kf7 26. Bc5 Rd7 0-1

[Event "PNWCC Online Masters"]
[Site "Chess.com INT"]
[Date "2020.05.24"]
[Round "5.48"]
[White "Jones, Davey V"]
[Black "Liu, Erik"]
[Result "0-1"]
[WhiteElo "1593"]
[BlackElo "1615"]
[PlyCount "48"]
[EventDate "2020.05.23"]
[EventType "swiss (rapid)"]
[EventRounds "9"]
[EventCountry "USA"]
[SourceTitle "CBM 196 Extra"]
[Source "ChessBase"]
[SourceDate "2020.07.31"]
[SourceVersion "1"]
[SourceVersionDate "2020.07.31"]
[SourceQuality "1"]

1. e4 c5 2. c3 e6 3. d4 cxd4 4. cxd4 d5 5. exd5 exd5 6. h3 h6 7. Bd3 Nc6 8. Nf3 Bd6 9. 0-0 Nge7 10. Nc3 a6 11. a3 0-0 12. Be3 Bf5 13. Rc1 Bxd3 14. Qxd3 Rc8 15. Nh4 f5 16. Qd2 f4 17. Qe2 fxe3 18. fxe3 Qe8 19. Qg4 Kh7 20. Qe6 Bg3 21. Nf3 Nf5 22. Qxd5 Qxe3+ 23. Kh1 Bf4 24. Rce1 Ng3+ 0-1